| 000 | 00692 a2200205 4500 | ||
|---|---|---|---|
| 010 | _aENG-89247 | ||
| 020 |
_c300.00 _a8181573463 |
||
| 035 | _aEN-72780 | ||
| 037 | _bDBAD / PUB | ||
| 082 | 1 | 4 | _aN |
| 090 |
_c10628 _d10628 |
||
| 100 | 1 | _aMaini, Darshan Singh | |
| 245 | 1 |
_aThe dream of power : _cby Darshan Singh Maini _bpolitical essays and critiques / |
|
| 260 |
_aCalcutta _bWriters Workshop _c2005 |
||
| 270 |
_a162/92, Lake Gardens, _bCalcutta _cWest Bengal _e700 045 |
||
| 300 |
_a264p. _c22cm (Hb) |
||
| 490 | _aWriters workshop greybird book | ||
| 942 |
_adpl _cEN _kN / MAI |
||
| 999 |
_c10339 _d10339 |
||